000
00285nam a22001217a 4500
082
_a
158
_b
EXC/T
100
_a
KERALA STATE
245
_a
THELIVANAM VARAKKUNNAVAR
260
_a
KERALA
_b
KERALA STATE EXCISE DEPARTMENT
300
_a
48
650
_a
MOTIVATIONAL BOOK
_z
KERALA
942
_c
BK
999
_c
6847
_d
6847